Buksi hat gazdája : Ifjúsági regény /
Uložené v:
| Hlavný autor: | |
|---|---|
| Médium: | Kniha |
| Jazyk: | Hungarian Slovak |
| Vydané: |
Bratislava :
Slovenské vydavateľstvo krásnej literatúry,
1962.
|
| Vydanie: | 1. vyd. |
| ISBN: |
(viaz.) |
| Fyzický popis: |
133 s. :. |
| Tagy: |
Pridať tag
Žiadne tagy, Buďte prvý kto otaguje tento záznam!
|
Titul je dostupný aj v ... 

MARC
| LEADER | 00000nam a22000001 4500 | ||
|---|---|---|---|
| 001 | 000470710 | ||
| 005 | 20150524135055.0 | ||
| 008 | 020521s1962 xo hun d | ||
| 020 | |a (viaz.) |c Kčs 13,60 | ||
| 040 | |a SVKKK |b slo |c SVKKK |e AACR2 | ||
| 041 | 0 | |a slo | |
| 044 | |a xo |c SK | ||
| 100 | 1 | |a Kónya, József |4 aut | |
| 245 | 1 | 0 | |a Buksi hat gazdája : |b Ifjúsági regény / |c József Kónya. |
| 250 | |a 1. vyd. | ||
| 260 | |a Bratislava : |b Slovenské vydavateľstvo krásnej literatúry, |c 1962. | ||
| 300 | |a 133 s. :. | ||
| 910 | |a svkkk | ||
| 998 | |a BK | ||
| 090 | |g SCKHL |k Sklad Pribinova 1. posch. |a IV.19393 |j 299015 |i 2720797531 |s Beletria | ||